LEADER 01506nam 2200397 a 450 001 9910695342003321 005 20061016103746.0 035 $a(CKB)5470000002369331 035 $a(OCoLC)73171673 035 $a(EXLCZ)995470000002369331 100 $a20061016d2006 ua 0 101 0 $aeng 135 $aurmn|---||||| 181 $ctxt$2rdacontent 182 $cc$2rdamedia 183 $acr$2rdacarrier 200 10$aEnergy security$b[electronic resource] $eissues related to potential reductions in Venezuelan oil production : report to the Chairman, Committee on Foreign Relations, U.S. Senate 210 1$a[Washington, D.C.] :$cU.S. Government Accountability Office,$d[2006] 215 $aii, 46 pages $cdigital, PDF file 300 $aTitle from title screen (viewed on Oct. 11, 2006). 300 $a"June 2006." 300 $aPaper version available from: U.S. Government Accountability Office, 441 G St., NW, Rm. LM, Washington, D.C. 20548. 300 $a"GAO-06-668." 320 $aIncludes bibliographical references. 517 $aEnergy security 606 $aPetroleum industry and trade$zVenezuela 607 $aVenezuela$xCommerce$zUnited States 607 $aUnited States$xCommerce$zVenezuela 615 0$aPetroleum industry and trade 712 02$aUnited States.$bCongress.$bSenate.$bCommittee on Foreign Relations. 801 0$bGPO 801 1$bGPO 906 $aBOOK 912 $a9910695342003321 996 $aEnergy Security$91954361 997 $aUNINA LEADER 03029nam 2200661 a 450 001 9910781931303321 005 20230207231427.0 010 $a1-61811-080-2 024 7 $a10.1515/9781618110800 035 $a(CKB)2550000000063276 035 $a(EBL)3110383 035 $a(SSID)ssj0000565419 035 $a(PQKBManifestationID)12200892 035 $a(PQKBTitleCode)TC0000565419 035 $a(PQKBWorkID)10528196 035 $a(PQKB)11216243 035 $a(MiAaPQ)EBC3110383 035 $a(DE-B1597)540919 035 $a(OCoLC)815970789 035 $a(DE-B1597)9781618110800 035 $a(Au-PeEL)EBL3110383 035 $a(CaPaEBR)ebr10509008 035 $a(CaONFJC)MIL576938 035 $a(EXLCZ)992550000000063276 100 $a20090721d2009 uy 0 101 0 $aeng 135 $aur|n|---||||| 181 $ctxt 182 $cc 183 $acr 200 10$aNew rituals old societies$b[electronic resource] $einvented rituals in contemporary Israel /$fNissan Rubin 210 $aBoston $cAcademic Studies Press$dc2009 215 $a1 online resource (208 p.) 225 1 $aJudaism and Jewish life 300 $aDescription based upon print version of record. 311 $a1-934843-35-0 320 $aIncludes bibliographical references and index. 327 $aRites and social structure. Rites and civil religion: invention of tradition. Personal definition rites: changing one's identity. 330 $aRituals provide public solutions to some types of life crises. There are crises which beset individuals in modern and post-modern society which are not easily addressed by traditional rituals. However, rites have not disappeared in contemporary society, but have merely changed their guise. New Rituals - Old Societies examines rituals which were invented by individuals and communities in order to celebrate important turning points. In contemporary Israel a process of innovation of new rituals was introduced, either by the adoption of ritual elements from outside sources or by the transformation of existing Jewish symbols through the infusion of new contents originating in secular ideology. The term "personal definitional rites" coined here refers to rites carried out by individuals undergoing a change in identity. Structural analysis supplies an additional dimension to this collection of studies. 410 0$aJudaism and Jewish life. 606 $aRites and ceremonies$zIsrael 606 $aJudaism$xCustoms and practices 606 $aManners and customs 606 $aGroup identity$zIsrael 607 $aIsrael$xSocial life and customs 615 0$aRites and ceremonies 615 0$aJudaism$xCustoms and practices. 615 0$aManners and customs. 615 0$aGroup identity 676 $a296.3/82095694 700 $aRubin$b Nissan$01468150 801 0$bMiAaPQ 801 1$bMiAaPQ 801 2$bMiAaPQ 906 $aBOOK 912 $a9910781931303321 996 $aNew rituals old societies$93771052 997 $aUNINA